| Tag |
First Indicator |
Second Indicator |
Subfields |
| LEADER |
00000cam a2200000 a 4500 |
| 001 |
in00000019609 |
| 005 |
20220103115001.0 |
| 007 |
cr unu a |
| 008 |
880705s1986 xx a b 00010 eng d |
| 035 |
|
|
|9 AAB2428AM
|
| 035 |
|
|
|a (OCoLC)18172236
|
| 040 |
|
|
|a TXA
|c TXA
|d UtOrBLW
|
| 043 |
|
|
|a n-us-tx
|
| 049 |
|
|
|a TXAZ [Also in] [Archives]
|c 1 [A09509626], 2 [A09509634]
|
| 099 |
|
|
|a 1986
|a Thesis
|a S149
|
| 100 |
1 |
|
|a St. Pierre, Lauren Jean.
|
| 245 |
1 |
0 |
|a Gametogenesis of the warm water coral Astrangia astreiformis (Anthozoa: Scleractinia) /
|c by Lauren Jean St. Pierre.
|
| 264 |
|
1 |
|a [Place of publication not identified] :
|b [publisher not identified] ;
|c 1986.
|
| 300 |
|
|
|a vii, 55 leaves (one folded) :
|b illustrations ;
|c 29 cm.
|
| 336 |
|
|
|a text
|b txt
|2 rdacontent
|
| 337 |
|
|
|a computer
|b c
|2 rdamedia
|
| 338 |
|
|
|a online resource
|b cr
|2 rdacarrier
|
| 500 |
|
|
|a "Major subject: Zoology."
|
| 500 |
|
|
|a Typescript (photocopy).
|
| 500 |
|
|
|a Vita.
|
| 502 |
|
|
|b M.S.
|c Texas A&M University
|d 1986.
|
| 504 |
|
|
|a Bibliography: leaves 37-43.
|
| 530 |
|
|
|a Also available online.
|
| 650 |
|
0 |
|a Corals
|z Texas
|x Reproduction.
|
| 650 |
|
0 |
|a Scleractinia.
|
| 650 |
|
4 |
|a Major zoology.
|
| 856 |
4 |
1 |
|u https://hdl.handle.net/1969.1/ETD-TAMU-1986-THESIS-S149
|z Link to OAKTrust copy
|t 0
|
| 999 |
|
|
|a MARS
|
| 999 |
f |
f |
|s a1cf652b-28a1-39ef-b34f-52ad43015b66
|i d1d8ecc2-6c53-390f-b6c1-ec67b02415d1
|t 0
|
| 952 |
f |
f |
|p noncirc
|a Texas A&M University
|b J.J. Pickle Campus
|c High Density Repository
|s HDR
|d Remote Storage
|t 0
|e 1986 Thesis S149
|h Other scheme
|i computer -- online resource
|m A14839618811
|
| 952 |
f |
f |
|a Texas A&M University
|b College Station
|c Electronic Resources
|s www_evans
|d Available Online
|t 0
|e 1986 Thesis S149
|h Other scheme
|
| 998 |
f |
f |
|a 1986 Thesis S149
|t 0
|l Available Online
|
| 998 |
f |
f |
|a 1986 Thesis S149
|t 0
|l Remote Storage
|